[Event "DRUGA LIGA SRBIJE-GRUPA VOJVODINA-2019."]
[Site "Kovacica"]
[Date "2019.11.02"]
[Round "2.3"]
[White "Pastar, Slaven"]
[Black "Jotic, Vladimir"]
[Result "1-0"]
[WhiteElo "2280"]
[BlackElo "2288"]
[PlyCount "75"]
[EventDate "2019.11.01"]
[WhiteTeam "SK Bata Cosic Opovo"]
[BlackTeam "SK Polet Rastina"]

1. d4 Nf6 2. c4 c5 3. d5 b5 4. cxb5 a6 5. bxa6 e6 6. Nc3 exd5 7. Nxd5 Be7 8. e3
O-O 9. Nf3 Nc6 10. Nxe7+ Qxe7 11. Be2 Bxa6 12. Bxa6 Rxa6 13. O-O Rfa8 14. a3
Rb8 15. Bd2 Rxb2 16. Bc3 Rb7 17. Bxf6 Qxf6 18. Qd5 Ra5 19. Rab1 Rxb1 20. Rxb1
h6 21. Qxd7 Rxa3 22. h3 Qe6 23. Qxe6 fxe6 24. Rb6 Nb4 25. Ne5 Rc3 26. h4 h5 27.
Kh2 Rc2 28. Kg3 Nd5 29. Rb8+ Kh7 30. e4 Nc3 31. Nd7 Nxe4+ 32. Kf3 Nf6 33. Nf8+
Kh6 34. Nxe6 Rc3+ 35. Kf4 Rc2 36. f3 Rxg2 37. Kf5 Kh7 38. Ng5+ 1-0

[Event "DRUGA LIGA SRBIJE-GRUPA VOJVODINA-2019."]
[Site "Kovacica"]
[Date "2019.11.02"]
[Round "2.3"]
[White "Stocko, Josip"]
[Black "Milenkovic, Mladen"]
[Result "1/2-1/2"]
[WhiteElo "2281"]
[BlackElo "2304"]
[PlyCount "174"]
[EventDate "2019.11.01"]
[WhiteTeam "SK Polet Rastina"]
[BlackTeam "SK Bata Cosic Opovo"]

1. e4 c5 2. Nf3 d6 3. d4 cxd4 4. Nxd4 Nf6 5. Nc3 a6 6. Bg5 e6 7. f4 h6 8. Bh4
Qb6 9. a3 Be7 10. Bf2 Qc7 11. Qe2 Nc6 12. Nb3 b5 13. g3 Bb7 14. Bg2 Na5 15.
Nxa5 Qxa5 16. O-O O-O 17. Rfd1 Qc7 18. Rd2 Rad8 19. Rad1 Nd7 20. Qe3 Rfe8 21.
h4 Bf8 22. Ne2 Nf6 23. Qb6 Qc8 24. e5 Bxg2 25. Kxg2 Nd5 26. Qa5 dxe5 27. fxe5
Qb7 28. Kh2 Rc8 29. Nf4 Nxf4 30. gxf4 Qf3 31. Qxa6 Rxc2 32. Rxc2 Qxd1 33. Qc6
Rd8 34. Qe4 Rd3 35. Qe2 Qxe2 36. Rxe2 Be7 37. Kg2 Kh7 38. Rc2 Kg6 39. Rc7 Bd8
40. h5+ Kxh5 41. Rxf7 Rd2 42. Kf3 Kg6 43. Rf8 Be7 44. Re8 Kf7 45. Rb8 Rxb2 46.
Rb7 Ke8 47. Rb8+ Kd7 48. Rb7+ Ke8 49. Rb8+ Bd8 50. Bb6 Rd2 51. Ke3 Rd7 52. Bxd8
Rxd8 53. Rxb5 Ra8 54. Rb3 Ra4 55. Kf3 Kf7 56. Kg4 g5 57. Kh5 Rxf4 58. Kxh6 Rf5
59. Rb7+ Ke8 60. Kg6 g4 61. Rb4 g3 62. Rg4 Rxe5 63. Rxg3 Ke7 64. Rb3 Ra5 65.
Rb7+ Kd6 66. Rb6+ Ke5 67. Kf7 Ra7+ 68. Kg6 Rxa3 69. Kg7 Ra7+ 70. Kg6 Ra1 71.
Kf7 Ra7+ 72. Kg6 Re7 73. Ra6 Rd7 74. Rb6 Rd6 75. Rb5+ Ke4 76. Rb4+ Rd4 77. Rb1
e5 78. Kf6 Rd6+ 79. Kg5 Rd3 80. Rb4+ Kf3 81. Kf5 Re3 82. Ra4 Re1 83. Ra3+ Kf2
84. Ra2+ Kf3 85. Ra3+ Kg2 86. Ra4 Kg3 87. Re4 Rxe4 1/2-1/2

[Event "DRUGA LIGA SRBIJE-GRUPA VOJVODINA-2019."]
[Site "Kovacica"]
[Date "2019.11.02"]
[Round "2.3"]
[White "Jovanovski, Slobodan"]
[Black "Popovic, Milos T"]
[Result "0-1"]
[WhiteElo "2298"]
[BlackElo "2369"]
[PlyCount "82"]
[EventDate "2019.11.01"]
[WhiteTeam "SK Bata Cosic Opovo"]
[BlackTeam "SK Polet Rastina"]

1. d4 g6 2. Nf3 Bg7 3. Bf4 d6 4. e3 f6 5. Bc4 e5 6. Bg3 e4 7. Nfd2 f5 8. a4 Nf6
9. Na3 Nh5 10. c3 Nc6 11. b4 d5 12. Be2 Nxg3 13. hxg3 O-O 14. Nb3 g5 15. Nc2 a5
16. b5 Nb8 17. Qd2 Nd7 18. c4 b6 19. Rc1 Nf6 20. c5 Be6 21. Qc3 Rc8 22. Kd2 Qe7
23. c6 Rce8 24. Rcf1 f4 25. Kc1 f3 26. gxf3 exf3 27. Bd3 Bf7 28. Nd2 Bg6 29.
Bxg6 hxg6 30. Qd3 Qf7 31. Kb2 g4 32. Na3 Nh7 33. Nab1 Ng5 34. Qb3 Nh3 35. Nc3
Nxf2 36. Rxf2 Rxe3 37. Qxd5 Qxd5 38. Nxd5 Bxd4+ 39. Kc2 Re5 40. Rff1 Rxd5 41.
Rh4 Rc5+ 0-1

[Event "DRUGA LIGA SRBIJE-GRUPA VOJVODINA-2019."]
[Site "Kovacica"]
[Date "2019.11.02"]
[Round "2.3"]
[White "Sljukic, Miodrag"]
[Black "Kosanovic, Dragan"]
[Result "1/2-1/2"]
[WhiteElo "2188"]
[BlackElo "2280"]
[PlyCount "25"]
[EventDate "2019.11.01"]
[WhiteTeam "SK Polet Rastina"]
[BlackTeam "SK Bata Cosic Opovo"]

1. d4 d6 2. Bf4 g6 3. e3 Bg7 4. Nf3 Nd7 5. h3 e5 6. Bh2 Ne7 7. Be2 O-O 8. O-O
h6 9. c4 f5 10. Nc3 Kh8 11. Qc2 g5 12. dxe5 dxe5 13. Rad1 1/2-1/2

[Event "DRUGA LIGA SRBIJE-GRUPA VOJVODINA-2019."]
[Site "Kovacica"]
[Date "2019.11.02"]
[Round "2.3"]
[White "Milojevic, Dusan"]
[Black "Babic, Damir M"]
[Result "1-0"]
[WhiteElo "2244"]
[BlackElo "2103"]
[PlyCount "127"]
[EventDate "2019.11.01"]
[WhiteTeam "SK Bata Cosic Opovo"]
[BlackTeam "SK Polet Rastina"]

1. e4 e5 2. Nf3 Nc6 3. Bb5 Nf6 4. O-O Nxe4 5. d4 Nd6 6. dxe5 Nxb5 7. a4 Nbd4 8.
Nxd4 Nxd4 9. Qxd4 Be7 10. Bf4 O-O 11. Nc3 d6 12. exd6 Bxd6 13. Bxd6 Qxd6 14.
Qxd6 cxd6 15. Nb5 Bf5 16. c3 Bd3 17. Rfd1 Bxb5 18. axb5 Rfd8 19. Rd4 Rd7 20.
Rda4 b6 21. Ra6 Rb7 22. R6a4 g6 23. Rd4 Rc8 24. c4 Rd7 25. Rad1 Kf8 26. b3 Ke7
27. h4 h5 28. Kh2 Rc5 29. f3 Re5 30. R1d3 Rc5 31. g4 Re5 32. Kg3 hxg4 33. fxg4
f5 34. gxf5 Rxf5 35. Kg4 Ke6 36. Re4+ Kf7 37. Rf4 Rxf4+ 38. Kxf4 Ke6 39. Kg5
Rh7 40. Rd4 Rh8 41. Kxg6 Rg8+ 42. Kh6 Rg3 43. b4 Ke5 44. Rd5+ Ke6 45. Rg5 Rc3
46. Rg4 Kf5 47. Rg5+ Ke6 48. Kg6 Rxc4 49. h5 d5 50. h6 d4 51. h7 Rc8 52. Kg7 d3
53. h8=Q Rxh8 54. Kxh8 d2 55. Rg1 Kd5 56. Rd1 Kc4 57. Rxd2 Kxb5 58. Rb2 a5 59.
bxa5+ Kxa5 60. Kg7 b5 61. Kf6 b4 62. Ke5 Ka4 63. Kd4 Ka3 64. Rh2 1-0

[Event "DRUGA LIGA SRBIJE-GRUPA VOJVODINA-2019."]
[Site "Kovacica"]
[Date "2019.11.02"]
[Round "2.3"]
[White "Ivancevic, Bozidar"]
[Black "Basta, Predrag"]
[Result "1-0"]
[WhiteElo "2091"]
[BlackElo "2215"]
[PlyCount "101"]
[EventDate "2019.11.01"]
[WhiteTeam "SK Polet Rastina"]
[BlackTeam "SK Bata Cosic Opovo"]

1. b3 e5 2. Bb2 d6 3. e3 Nf6 4. c4 g6 5. g3 Bg7 6. Bg2 O-O 7. Nc3 c6 8. Nge2
Re8 9. O-O Nbd7 10. d4 Qc7 11. d5 c5 12. a4 a6 13. h3 h5 14. Kh2 Qd8 15. e4 Qe7
16. f4 exf4 17. gxf4 Nf8 18. Qd3 N6h7 19. Rae1 f5 20. Ng1 fxe4 21. Bxe4 Qh4 22.
Qd2 Bd7 23. Bg2 Bh6 24. Nce2 Bg7 25. Nf3 Qd8 26. Bxg7 Kxg7 27. Ng3 b5 28. axb5
axb5 29. Ne4 Bf5 30. Qb2+ Kg8 31. Nfg5 Nxg5 32. Nf6+ Qxf6 33. Qxf6 Ne4 34. Bxe4
Bxe4 35. Rf2 bxc4 36. bxc4 Bf5 37. Rxe8 Rxe8 38. Qxd6 Re3 39. Qxc5 Rxh3+ 40.
Kg2 Rc3 41. Re2 h4 42. Re8 h3+ 43. Kh2 Rc2+ 44. Kg3 Rg2+ 45. Kh4 g5+ 46. fxg5
Rg4+ 47. Kh5 Bg6+ 48. Kxg4 Bxe8 49. Kxh3 Kf7 50. Qd6 Ng6 51. c5 1-0

[Event "DRUGA LIGA SRBIJE-GRUPA VOJVODINA-2019."]
[Site "Kovacica"]
[Date "2019.11.02"]
[Round "2.4"]
[White "Czebe, Attila"]
[Black "Varga, Zoltan"]
[Result "1/2-1/2"]
[WhiteElo "2368"]
[BlackElo "2424"]
[PlyCount "32"]
[EventDate "2019.11.01"]
[WhiteTeam "Somborski SK Sombor"]
[BlackTeam "SK Backa Pacir"]

1. d4 Nf6 2. c4 e5 3. dxe5 Ng4 4. Nf3 Bc5 5. e3 Nc6 6. Be2 Ngxe5 7. Nxe5 Nxe5
8. O-O O-O 9. Nc3 Re8 10. b3 a5 11. Bb2 Ra6 12. Ne4 Bf8 13. c5 Rh6 14. h3 Qh4
15. Ng3 d6 16. Qd4 Qxd4 1/2-1/2

[Event "DRUGA LIGA SRBIJE-GRUPA VOJVODINA-2019."]
[Site "Kovacica"]
[Date "2019.11.02"]
[Round "2.4"]
[White "Farkas, Tibor"]
[Black "Bulajic, Ratko"]
[Result "1/2-1/2"]
[WhiteElo "2274"]
[BlackElo "2299"]
[PlyCount "23"]
[EventDate "2019.11.01"]
[WhiteTeam "SK Backa Pacir"]
[BlackTeam "Somborski SK Sombor"]

1. e4 c5 2. Nf3 d6 3. c3 Nf6 4. h3 Nbd7 5. Bd3 b6 6. O-O Bb7 7. Re1 Qc7 8. c4
e6 9. Nc3 Be7 10. Bf1 O-O 11. d4 cxd4 12. Nxd4 1/2-1/2

[Event "DRUGA LIGA SRBIJE-GRUPA VOJVODINA-2019."]
[Site "Kovacica"]
[Date "2019.11.02"]
[Round "2.6"]
[White "Delchev, Aleksander"]
[Black "Sahin, Ozgun"]
[Result "1-0"]
[WhiteElo "2561"]
[BlackElo "2258"]
[PlyCount "101"]
[EventDate "2019.11.01"]
[WhiteTeam "SK Mladost Nova Pazova"]
[BlackTeam "SK Kraljica PTT Petrovaradin"]

1. e4 c5 2. Nc3 e6 3. Nf3 a6 4. d4 cxd4 5. Nxd4 Qc7 6. Bd3 Nc6 7. Nxc6 bxc6 8.
O-O Nf6 9. f4 Bc5+ 10. Kh1 d5 11. Qf3 h5 12. Be3 Qa7 13. Bxc5 Qxc5 14. Rae1 Rb8
15. f5 Kf8 16. Qf4 Ra8 17. Na4 Qb4 18. e5 Ne4 19. fxe6 Bxe6 20. b3 h4 21. Bxe4
dxe4 22. h3 Rh5 23. Qxe4 Qxe4 24. Rxe4 Bd5 25. Re2 Re8 26. Nc5 a5 27. Rfe1 Rf5
28. Kg1 Kg8 29. c4 Be6 30. Rd1 Rg5 31. Kh2 Bc8 32. Rd6 Rgxe5 33. Rxe5 Rxe5 34.
Rd8+ Kh7 35. Nd3 Re3 36. Rxc8 Rxd3 37. Rxc6 a4 38. Rb6 Rd2 39. Rb4 axb3 40.
axb3 Rb2 41. Rb6 g5 42. c5 f5 43. Rb4 g4 44. hxg4 fxg4 45. Rxg4 Rxb3 46. Rxh4+
Kg6 47. Rc4 Rb8 48. c6 Kf5 49. c7 Rc8 50. g4+ Kg5 51. Kg3 1-0

[Event "DRUGA LIGA SRBIJE-GRUPA VOJVODINA-2019."]
[Site "Kovacica"]
[Date "2019.11.02"]
[Round "2.6"]
[White "Desnica, Vladan"]
[Black "Vlatkovic, Sinisa"]
[Result "1/2-1/2"]
[WhiteElo "2323"]
[BlackElo "2290"]
[PlyCount "73"]
[EventDate "2019.11.01"]
[WhiteTeam "SK Kraljica PTT Petrovaradin"]
[BlackTeam "SK Mladost Nova Pazova"]

1. g3 e5 2. c4 g6 3. Nc3 Bg7 4. Bg2 Ne7 5. e4 Nbc6 6. Nge2 d6 7. d3 Be6 8. Nd5
O-O 9. O-O Qd7 10. Be3 Nd4 11. Nxd4 exd4 12. Bh6 Bg4 13. Nxe7+ Qxe7 14. Qxg4
Bxh6 15. h4 c5 16. f4 Rab8 17. Rae1 f6 18. h5 g5 19. Re2 Kh8 20. Qf5 Rbe8 21.
Bh3 Rg8 22. Kh2 Qg7 23. Qg4 Re7 24. e5 gxf4 25. Qxg7+ Rgxg7 26. gxf4 dxe5 27.
fxe5 fxe5 28. Rf8+ Rg8 29. Rxg8+ Kxg8 30. Rg2+ Kf7 31. Bf5 Kf6 32. Be4 Bg5 33.
Kg1 Rf7 34. Bd5 Rg7 35. Kf1 b6 36. Ke2 h6 37. b3 1/2-1/2

[Event "DRUGA LIGA SRBIJE-GRUPA VOJVODINA-2019."]
[Site "Kovacica"]
[Date "2019.11.02"]
[Round "2.6"]
[White "Grcic, Vukasin"]
[Black "Banovic, Ivan"]
[Result "0-1"]
[WhiteElo "2125"]
[BlackElo "2218"]
[PlyCount "98"]
[EventDate "2019.11.01"]
[WhiteTeam "SK Mladost Nova Pazova"]
[BlackTeam "SK Kraljica PTT Petrovaradin"]

1. e4 e6 2. d4 d5 3. Nc3 dxe4 4. Nxe4 Bd7 5. Bd3 Bc6 6. Nf3 Nd7 7. O-O Ngf6 8.
Re1 Nxe4 9. Bxe4 Bxe4 10. Rxe4 Nf6 11. Bg5 c6 12. c4 Be7 13. Bxf6 Bxf6 14. Qb3
Qb6 15. d5 Qxb3 16. axb3 cxd5 17. cxd5 Bxb2 18. Ra2 Bf6 19. dxe6 fxe6 20. Rxe6+
Kf7 21. Rd6 Rhd8 22. Rxd8 Rxd8 23. Rd2 Rxd2 24. Nxd2 Ke6 25. Kf1 Kd5 26. Ke2
Kd4 27. f4 b5 28. g4 g6 29. Kf3 a5 30. Ne4 Be7 31. f5 gxf5 32. gxf5 a4 33. bxa4
bxa4 34. Nd2 Kc3 35. Ke2 Kd4 36. Nb1 Ke5 37. Ke3 Kxf5 38. Kf3 Bb4 39. h3 h6 40.
Ke3 Kg5 41. Kf3 Kh4 42. Kg2 Kg5 43. Kg3 Kf5 44. Kf3 Ke5 45. Ke3 Bc5+ 46. Kf3
Kd4 47. Ke2 Kc4 48. Kd2 Kb3 49. Kd3 Bb4 0-1

[Event "DRUGA LIGA SRBIJE-GRUPA VOJVODINA-2019."]
[Site "Kovacica"]
[Date "2019.11.02"]
[Round "2.6"]
[White "Pajcin, Lav"]
[Black "Stankovic, Milos M"]
[Result "0-1"]
[WhiteElo "2160"]
[BlackElo "1944"]
[PlyCount "110"]
[EventDate "2019.11.01"]
[WhiteTeam "SK Kraljica PTT Petrovaradin"]
[BlackTeam "SK Mladost Nova Pazova"]

1. e4 g6 2. d4 Bg7 3. Nc3 d5 4. exd5 Nf6 5. Bb5+ Nbd7 6. Nge2 O-O 7. Nf4 Nb6 8.
Qf3 Bg4 9. Qg3 Bf5 10. Bd3 Bxd3 11. Nxd3 Nfxd5 12. Ne2 Qd6 13. Qf3 c6 14. c3 a5
15. h4 h6 16. h5 g5 17. Nc5 e5 18. Ne4 Qe6 19. dxe5 Bxe5 20. Nc5 Qe7 21. Nd3 f5
22. Nxe5 Qxe5 23. O-O Rae8 24. Nd4 Qe4 25. Qg3 f4 26. Qg4 Nf6 27. Qd1 Nfd5 28.
f3 Qh7 29. Re1 Qf7 30. Bd2 Nc4 31. Qc2 Qh7 32. Re4 Nd6 33. Rxe8 Rxe8 34. Qxh7+
Kxh7 35. Rd1 Nf6 36. b3 Nxh5 37. c4 Ng3 38. Bxa5 Ndf5 39. Nxf5 Nxf5 40. Rd7+
Kg6 41. Kf2 Re7 42. Rxe7 Nxe7 43. Ke2 Nf5 44. Be1 Kf6 45. Kd3 Ke5 46. Bc3+ Ke6
47. Ke4 Nh4 48. Bg7 h5 49. Bd4 Nxg2 50. Kd3 Nh4 51. Ke4 Nf5 52. Bf2 h4 53. Bg1
h3 54. Kd3 Ng3 55. Kd2 h2 0-1

[Event "DRUGA LIGA SRBIJE-GRUPA VOJVODINA-2019."]
[Site "Kovacica"]
[Date "2019.11.02"]
[Round "2.6"]
[White "Stamenkovic, Aleksandar"]
[Black "Radanovic, Aleksandar"]
[Result "1-0"]
[WhiteElo "2178"]
[BlackElo "2173"]
[PlyCount "73"]
[EventDate "2019.11.01"]
[WhiteTeam "SK Mladost Nova Pazova"]
[BlackTeam "SK Kraljica PTT Petrovaradin"]

1. d4 Nf6 2. Nf3 c6 3. c4 d6 4. Nc3 Qc7 5. e4 Bg4 6. Be2 e5 7. Be3 Nbd7 8. O-O
Be7 9. Ne1 Bxe2 10. Qxe2 exd4 11. Bxd4 O-O 12. Nc2 Rfe8 13. Qd2 Bf8 14. f3 Rad8
15. Rad1 Ne5 16. b3 d5 17. exd5 cxd5 18. f4 Ned7 19. Nb5 Qc6 20. Nxa7 Qa6 21.
Nb4 Bxb4 22. Qxb4 dxc4 23. bxc4 Qxa2 24. Rd2 Qa6 25. Nb5 Qc6 26. Rfd1 Ne4 27.
Rd3 Ndc5 28. Re3 Ne6 29. g3 Nxf4 30. gxf4 Qg6+ 31. Kf1 Qg4 32. Qe1 Qxf4+ 33.
Ke2 Qxh2+ 34. Kd3 Nf2+ 35. Qxf2 Rxe3+ 36. Qxe3 Qa2 37. Rg1 1-0

[Event "DRUGA LIGA SRBIJE-GRUPA VOJVODINA-2019."]
[Site "Kovacica"]
[Date "2019.11.02"]
[Round "2.6"]
[White "Petrovic, Nikola V"]
[Black "Gavric, Zivojin"]
[Result "1/2-1/2"]
[WhiteElo "2069"]
[BlackElo "2108"]
[PlyCount "100"]
[EventDate "2019.11.01"]
[WhiteTeam "SK Kraljica PTT Petrovaradin"]
[BlackTeam "SK Mladost Nova Pazova"]

1. e4 c6 2. d4 d5 3. exd5 cxd5 4. c4 Nf6 5. Nc3 g6 6. cxd5 Nxd5 7. Bc4 Nb6 8.
Bb3 Bg7 9. d5 O-O 10. Nge2 Na6 11. Be3 Bg4 12. O-O Rc8 13. h3 Bd7 14. Qd2 Nc5
15. Bxc5 Rxc5 16. Qe3 Rc8 17. Rfe1 a5 18. a4 Nc4 19. Bxc4 Rxc4 20. b3 Rb4 21.
Rab1 Re8 22. Red1 Qc7 23. Nd4 Qc5 24. Ncb5 Bf6 25. Rbc1 Qb6 26. Rc4 Bxb5 27.
Rxb4 axb4 28. Nxb5 Qxe3 29. fxe3 Rc8 30. Rd2 Rc1+ 31. Kf2 Be5 32. Ke2 Rb1 33.
Rd3 f5 34. d6 exd6 35. Nxd6 Bxd6 36. Rxd6 Rxb3 37. Rb6 Rb1 38. Rxb7 b3 39. a5
b2 40. Kf2 Ra1 41. Rxb2 Rxa5 42. Rb7 Ra2+ 43. Kf3 Ra4 44. g4 fxg4+ 45. hxg4 Ra1
46. Kf4 Rf1+ 47. Kg5 Rg1 48. e4 h5 49. Kxg6 Rxg4+ 50. Kxh5 Rxe4 1/2-1/2

[Event "DRUGA LIGA SRBIJE-GRUPA VOJVODINA-2019."]
[Site "Kovacica"]
[Date "2019.11.02"]
[Round "2.1"]
[White "Hart, Alexander"]
[Black "Dedebas, Emre Emin"]
[Result "0-1"]
[WhiteElo "1952"]
[BlackElo "2345"]
[PlyCount "66"]
[EventDate "2019.11.01"]
[WhiteTeam "SK Bora Ivkov Ban. N. Selo"]
[BlackTeam "SK Vojvodina Novi Sad"]

1. Nf3 Nf6 2. c4 c5 3. g3 Nc6 4. Bg2 d5 5. cxd5 Nxd5 6. Nc3 Nc7 7. O-O e5 8. d3
Be7 9. Be3 O-O 10. Rc1 b6 11. Ng5 Bd7 12. Nh3 Qc8 13. Ng5 h6 14. Nf3 Qe8 15.
Nd2 Rd8 16. Nb3 Be6 17. Qc2 f5 18. f4 Nd4 19. Bxd4 exd4 20. Nb1 Nd5 21. Bxd5
Bxd5 22. N1d2 Rf6 23. Nf3 Bd6 24. Nbd2 Re6 25. Rce1 Qh5 26. Rf2 Rg6 27. Rg2 Qh3
28. Kf2 Bxf4 29. Nf1 Be3+ 30. Nxe3 dxe3+ 31. Kxe3 Qxg2 32. Nh4 Re6+ 33. Kd2 Qf2
0-1

[Event "DRUGA LIGA SRBIJE-GRUPA VOJVODINA-2019."]
[Site "Kovacica"]
[Date "2019.11.02"]
[Round "2.1"]
[White "Savanovic, Vuk"]
[Black "Milanovic, Stanko"]
[Result "1-0"]
[WhiteElo "2250"]
[BlackElo "2143"]
[PlyCount "77"]
[EventDate "2019.11.01"]
[WhiteTeam "SK Vojvodina Novi Sad"]
[BlackTeam "SK Bora Ivkov Ban. N. Selo"]

1. e4 e5 2. Nf3 Nc6 3. Nc3 Nf6 4. Bb5 a6 5. Bxc6 dxc6 6. Nxe5 Bb4 7. O-O O-O 8.
d3 Re8 9. Nc4 Be6 10. Ne3 Bc5 11. Qf3 Qd7 12. h3 Rad8 13. Ne2 Bd4 14. Nxd4 Qxd4
15. Nf5 Bxf5 16. Qxf5 Re6 17. Qa5 c5 18. Qxc7 Rd7 19. Qf4 c4 20. e5 Qxe5 21.
dxc4 Qe2 22. Be3 Qxc2 23. b3 h6 24. Qf3 Red6 25. Rfe1 a5 26. Qe2 Qf5 27. Rad1
Kh7 28. Rxd6 Rxd6 29. Rd1 Rxd1+ 30. Qxd1 a4 31. bxa4 Qe4 32. Qb3 Nd7 33. Qb5
Ne5 34. Qd5 Qb1+ 35. Kh2 f6 36. a5 Qxa2 37. Qxb7 Qxa5 38. Qe4+ Kg8 39. f4 1-0

[Event "DRUGA LIGA SRBIJE-GRUPA VOJVODINA-2019."]
[Site "Kovacica"]
[Date "2019.11.02"]
[Round "2.1"]
[White "Zivkovic, Milan B"]
[Black "Dragojlovic, Andjelko"]
[Result "0-1"]
[WhiteElo "2046"]
[BlackElo "2277"]
[PlyCount "92"]
[EventDate "2019.11.01"]
[WhiteTeam "SK Bora Ivkov Ban. N. Selo"]
[BlackTeam "SK Vojvodina Novi Sad"]

1. d4 g6 2. c4 Nf6 3. Nc3 Bg7 4. e4 O-O 5. Nf3 c6 6. Be2 d5 7. e5 Ne8 8. O-O
dxc4 9. Bxc4 Nc7 10. Re1 Bg4 11. Be3 Nd7 12. h3 Bxf3 13. Qxf3 Nb6 14. Bb3 Nbd5
15. Ne4 Ne6 16. Rac1 a5 17. Nc5 Nxc5 18. Rxc5 Nxe3 19. fxe3 e6 20. Rec1 Qb6 21.
R1c2 Rfd8 22. Rf2 Rd7 23. h4 a4 24. Bc2 a3 25. bxa3 Rxa3 26. Bb3 Qd8 27. g3 Ra5
28. Rxa5 Qxa5 29. h5 Qd8 30. hxg6 hxg6 31. Qg4 Qe7 32. Rc2 Bh6 33. Kf2 Kg7 34.
Kf3 Rd8 35. Ke2 Rh8 36. Kf3 Bg5 37. Re2 Rh5 38. Kg2 Qe8 39. Qf3 Qh8 40. Kf2 Rh1
41. Qg4 Be7 42. Kf3 Rf1+ 43. Rf2 Re1 44. Ke4 c5 45. Qf4 Qe8 46. Rf1 Qc6+ 0-1

[Event "DRUGA LIGA SRBIJE-GRUPA VOJVODINA-2019."]
[Site "Kovacica"]
[Date "2019.11.02"]
[Round "2.1"]
[White "Ilincic, Aleksa"]
[Black "Vasic, Zoran"]
[Result "1-0"]
[WhiteElo "2168"]
[BlackElo "1968"]
[PlyCount "99"]
[EventDate "2019.11.01"]
[WhiteTeam "SK Vojvodina Novi Sad"]
[BlackTeam "SK Bora Ivkov Ban. N. Selo"]

1. e4 e5 2. Nf3 Nc6 3. d4 exd4 4. Nxd4 Qh4 5. Nxc6 Qxe4+ 6. Be2 Qxc6 7. O-O d5
8. Nc3 a6 9. Qxd5 Qxd5 10. Nxd5 Bd6 11. Bg5 h6 12. Bh4 Be6 13. Bf3 g5 14. Bg3
O-O-O 15. c4 g4 16. Be4 f5 17. Bc2 f4 18. Nxf4 Bxc4 19. Bf5+ Kb8 20. Rfc1 Bf7
21. Bxg4 h5 22. Be6 Nh6 23. Bxf7 Nxf7 24. Ne6 Rd7 25. Bxd6 Nxd6 26. h4 b6 27.
Nf4 Nf5 28. Rd1 Nd4 29. g3 Kb7 30. Kg2 c5 31. Rac1 a5 32. Re1 Nc6 33. Rcd1 Rhh7
34. Ne6 Rxd1 35. Rxd1 Ne5 36. Rd5 Nc6 37. Nf4 Nb4 38. Rxh5 Rxh5 39. Nxh5 Nxa2
40. Nf4 Nb4 41. h5 Nc6 42. h6 Ne5 43. h7 Nf7 44. g4 c4 45. g5 a4 46. g6 c3 47.
bxc3 a3 48. gxf7 a2 49. f8=Q a1=Q 50. h8=Q 1-0

[Event "DRUGA LIGA SRBIJE-GRUPA VOJVODINA-2019."]
[Site "Kovacica"]
[Date "2019.11.02"]
[Round "2.1"]
[White "Njamcul, Dragan"]
[Black "Stikovic, Dobrica"]
[Result "1/2-1/2"]
[WhiteElo "2320"]
[BlackElo "2146"]
[PlyCount "36"]
[EventDate "2019.11.01"]
[WhiteTeam "SK Bora Ivkov Ban. N. Selo"]
[BlackTeam "SK Vojvodina Novi Sad"]

1. d4 e6 2. c4 d5 3. Nc3 Be7 4. Nf3 Nf6 5. Bg5 O-O 6. e3 Nbd7 7. Bd3 dxc4 8.
Bxc4 c5 9. O-O a6 10. a4 cxd4 11. exd4 Nb6 12. Bb3 Nbd5 13. Nxd5 Nxd5 14. Bxe7
Nxe7 15. Qe2 Bd7 16. Ne5 Bc6 17. Nxc6 Nxc6 18. Rfd1 Qb6 1/2-1/2

[Event "DRUGA LIGA SRBIJE-GRUPA VOJVODINA-2019."]
[Site "Kovacica"]
[Date "2019.11.02"]
[Round "2.1"]
[White "Veljkovic, Vojislav"]
[Black "Mik, Aurel"]
[Result "1/2-1/2"]
[WhiteElo "2142"]
[BlackElo "2039"]
[PlyCount "81"]
[EventDate "2019.11.01"]
[WhiteTeam "SK Vojvodina Novi Sad"]
[BlackTeam "SK Bora Ivkov Ban. N. Selo"]

1. Nf3 Nf6 2. c4 c5 3. Nc3 Nc6 4. d4 cxd4 5. Nxd4 g6 6. Nb3 Bg7 7. Bg5 d6 8.
Qd2 Be6 9. e4 Ne5 10. Bxf6 Bxf6 11. Nd5 Bg7 12. Rc1 Rc8 13. f4 Nc6 14. Be2 O-O
15. Rc2 f5 16. Bf3 fxe4 17. Bxe4 Bf5 18. Bxf5 Rxf5 19. O-O e5 20. g4 Rf7 21. f5
Qh4 22. Qd3 Rcf8 23. Rg2 gxf5 24. gxf5 e4 25. Qe2 Rxf5 26. Rxf5 Rxf5 27. Rg4
Rg5 28. Rxg5 Qxg5+ 29. Kh1 Qe5 30. Qg4 h5 31. Qe2 h4 32. Ne3 Nd4 33. Qd2 Nf3
34. Qd5+ Qxd5 35. cxd5 Bxb2 36. Kg2 Kf7 37. Na5 b6 38. Nc6 a5 39. Nc4 Be5 40.
N6xe5+ dxe5 41. Nxb6 1/2-1/2

[Event "DRUGA LIGA SRBIJE-GRUPA VOJVODINA-2019."]
[Site "Kovacica"]
[Date "2019.11.02"]
[Round "2.2"]
[White "Bokros, Albert"]
[Black "Rogac, Srdjan"]
[Result "1-0"]
[WhiteElo "2471"]
[BlackElo "2332"]
[PlyCount "109"]
[EventDate "2019.11.01"]
[WhiteTeam "SK Krajina Krajisnik"]
[BlackTeam "SK Mladenovo Mladenovo"]

1. e4 c6 2. d4 d5 3. Nc3 dxe4 4. Nxe4 Bf5 5. Ng3 Bg6 6. Nh3 Nf6 7. Bc4 e6 8.
O-O Bd6 9. f4 O-O 10. f5 exf5 11. Nxf5 Bxf5 12. Rxf5 Nbd7 13. Bg5 h6 14. Bh4
Be7 15. c3 Nb6 16. Bb3 Nfd5 17. Bf2 Bh4 18. g3 Bf6 19. Kg2 Re8 20. Qd3 c5 21.
Bxd5 Nxd5 22. Qf3 Nb6 23. Rxc5 Qd7 24. b3 Re7 25. Nf4 Rae8 26. h4 Re4 27. a4
Nc8 28. Rf1 Nd6 29. Rd5 Qc6 30. c4 b6 31. Bg1 Bd8 32. Nd3 Bf6 33. Nf4 Bd8 34.
Re5 Qd7 35. Rxe8+ Qxe8 36. Nd5 Re2+ 37. Rf2 Re6 38. Rc2 Ne4 39. Nf4 Re7 40. Re2
f5 41. d5 Qd7 42. Ne6 Rf7 43. Bd4 Bc7 44. g4 Ng3 45. Rf2 Bb8 46. gxf5 Nxf5 47.
Qg4 h5 48. Qxh5 Qd6 49. Rf4 Nxh4+ 50. Qxh4 Rxf4 51. Qxf4 Qxf4 52. Nxf4 Bxf4 53.
Kf3 Bd6 54. a5 Bc7 55. a6 1-0

[Event "DRUGA LIGA SRBIJE-GRUPA VOJVODINA-2019."]
[Site "Kovacica"]
[Date "2019.11.02"]
[Round "2.2"]
[White "Grujic, Zoran"]
[Black "Robulj, Nenad"]
[Result "1/2-1/2"]
[WhiteElo "2335"]
[BlackElo "2286"]
[PlyCount "43"]
[EventDate "2019.11.01"]
[WhiteTeam "SK Mladenovo Mladenovo"]
[BlackTeam "SK Krajina Krajisnik"]

1. Nf3 Nf6 2. c4 g6 3. Nc3 d5 4. cxd5 Nxd5 5. Qb3 Nb6 6. d4 Bg7 7. Bf4 O-O 8.
e3 Be6 9. Qa3 Nd5 10. Bg3 h6 11. Be2 Nd7 12. O-O N7f6 13. Be5 c6 14. Rac1 a5
15. Na4 Nb4 16. b3 Bf5 17. Rfd1 g5 18. Nc5 b6 19. Nd3 Be4 20. Rd2 Nfd5 21. Bxg7
Kxg7 22. Qb2 1/2-1/2

[Event "DRUGA LIGA SRBIJE-GRUPA VOJVODINA-2019."]
[Site "Kovacica"]
[Date "2019.11.02"]
[Round "2.2"]
[White "Levnajic, Pavle"]
[Black "Parezanin, Darko"]
[Result "0-1"]
[WhiteElo "2217"]
[BlackElo "2221"]
[PlyCount "77"]
[EventDate "2019.11.01"]
[WhiteTeam "SK Krajina Krajisnik"]
[BlackTeam "SK Mladenovo Mladenovo"]

1. Nf3 Nf6 2. c4 b6 3. d4 e6 4. e3 Bb7 5. Bd3 c5 6. O-O Be7 7. Nc3 d6 8. d5
exd5 9. cxd5 a6 10. e4 b5 11. Re1 Nbd7 12. Bf4 O-O 13. h3 Re8 14. a3 Bf8 15.
Rc1 Rc8 16. Bb1 Nb6 17. b3 g6 18. Qd2 Bg7 19. Bg5 Qd7 20. Bf4 a5 21. a4 bxa4
22. bxa4 Ba6 23. Nb5 Bxb5 24. axb5 Ra8 25. Qc2 Red8 26. Ba2 a4 27. Rb1 a3 28.
Nd2 Nh5 29. Bg5 Re8 30. Nc4 Nxc4 31. Qxc4 f5 32. exf5 Qxf5 33. Be3 Re4 34. Qc2
Rxe3 35. Qc4 Rxe1+ 36. Rxe1 Bd4 37. Qe2 Nf4 38. Qd2 Rf8 39. Rf1 0-1

[Event "DRUGA LIGA SRBIJE-GRUPA VOJVODINA-2019."]
[Site "Kovacica"]
[Date "2019.11.02"]
[Round "2.2"]
[White "Krejic, Igor"]
[Black "Strbac, Mladen"]
[Result "1/2-1/2"]
[WhiteElo "2229"]
[BlackElo "2292"]
[PlyCount "28"]
[EventDate "2019.11.01"]
[WhiteTeam "SK Mladenovo Mladenovo"]
[BlackTeam "SK Krajina Krajisnik"]

1. e4 e6 2. d4 d5 3. Nd2 Nc6 4. Ngf3 Nf6 5. e5 Nd7 6. c3 f6 7. Bd3 fxe5 8. dxe5
Ndxe5 9. Nxe5 Nxe5 10. Qh5+ Nf7 11. Bxh7 Be7 12. Nf3 Bf6 13. Bf4 Kf8 14. O-O-O
e5 1/2-1/2